【プロ野球】2026年の阪神タイガースの選手 - Statistics

General Stats
  • This quiz has been taken 63 times
    46 since last reset
  • The average score is 47 of 67
Answer Stats
Hint Answer % Correct
2 梅野隆太郎
100%
12 坂本誠志郎
100%
0 木浪聖也
100%
3 大山悠輔
100%
8 佐藤輝明
100%
1 森下翔太
100%
5 近本光司
100%
13 岩崎優
96%
17 伏見寅威
96%
41 村上頌樹
93%
7 中野拓夢
93%
38 小幡竜平
93%
16 西勇輝
89%
47 桐敷拓馬
89%
58 前川右京
89%
21 大竹耕太郎
86%
35 才木浩人
86%
98 ドリス
86%
9 立石正広
86%
27 伊藤将司
82%
37 及川雅貴
82%
69 石井大智
82%
4 熊谷敬宥
82%
18 伊原陵人
79%
29 髙橋遥人
79%
39 榮枝裕貴
79%
14 岩貞祐太
75%
99 モレッタ
75%
67 髙寺望夢
75%
53 島田海吏
75%
68 中川勇斗
71%
85 嶋村麟士朗
71%
24 ディベイニー
71%
33 糸原健斗
71%
92 福島圭音
71%
49 工藤泰成
68%
51 早川太貴
68%
62 植田海
68%
34 岡城快生
68%
60 小野寺暖
68%
57 長坂拳弥
64%
28 今朝丸裕喜
61%
42 ルーカス
61%
63 石黒佑弥
61%
65 湯浅京己
61%
52 山田脩也
61%
32 濱田太貴
61%
25 谷端将伍
57%
19 下村海翔
54%
30 門別啓人
54%
54 木下里都
54%
46 ラグズデール
50%
48 茨木秀俊
50%
59 藤田健斗
50%
00 元山飛優
50%
44 早瀬朔
46%
26 椎葉剛
43%
55 能登嵩都
43%
64 岡留英貴
43%
43 町田隼乙
43%
40 井坪陽生
39%
61 豊田寛
39%
36 畠世周
36%
50 富田蓮
36%
66 津田淳哉
36%
56 百﨑蒼生
36%
45 佐野大陽
32%
No matching quizzes found
Score Distribution
Percent of People with Each Score
Percentile by Number Answered
Your Score History
You have not taken this quiz since the last reset